000 00312nam a2200121Ia 4500
008 230524s9999 xx 000 0 und d
100 _a"John J. Grainger , William D. Stevenson, Jr."
245 0 _aPower System Analysis
260 _bTMH
500 _aQuantity Number: 60
650 _aElectrical
942 _cBK
999 _c49807
_d49807